|
|
|
|
| LEADER |
00000nam0a2200000 4500 |
| 001 |
61929 |
| 005 |
20231101211956.0 |
| 035 |
|
|
|a (RuTPU)RU\TPU\book\65605
|
| 090 |
|
|
|a 61929
|
| 100 |
|
|
|a 20040329d1979 k y0rusy50 ca
|
| 101 |
1 |
|
|a rus
|c pol
|
| 102 |
|
|
|a RU
|
| 105 |
|
|
|a a z 001zy
|
| 200 |
1 |
|
|a Социология политических отношений
|e пер. с польск.
|f Е. Вятр
|
| 210 |
|
|
|a Москва
|c Прогресс
|d 1979
|
| 215 |
|
|
|a 463 с.
|c ил.
|
| 320 |
|
|
|a Библиогр.: с. 421-459
|
| 320 |
|
|
|a Именной указатель: с. 460-462
|
| 606 |
1 |
|
|a Политические системы
|x Теория
|2 stltpush
|3 (RuTPU)RU\TPU\subj\50480
|9 69154
|
| 610 |
1 |
|
|a социология
|
| 610 |
1 |
|
|a политика
|
| 610 |
1 |
|
|a политические отношения
|
| 610 |
1 |
|
|a общественные отношения
|
| 686 |
|
|
|a Ф011
|v LBC/SL-A
|2 rubbk
|
| 700 |
|
1 |
|a Вятр
|b Е.
|g Ежи
|
| 801 |
|
1 |
|a RU
|b 63413507
|c 20040329
|g PSBO
|
| 801 |
|
2 |
|a RU
|b 63413507
|c 20160209
|g PSBO
|
| 942 |
|
|
|c BK
|